[Event "GER-ch 65th"]
[Site "Bad Wildbad"]
[Date "1993.??.??"]
[Round "5"]
[White "Schmidt Schaeffer, Sebastian"]
[Black "Seils, Joerg"]
[Result "1-0"]
[WhiteElo "2275"]
[BlackElo "2355"]
[EventDate "1993.11.??"]
[PlyCount "85"]

1. e4 c5 2. Nf3 d6 3. d4 cxd4 4. Nxd4 Nf6 5. Nc3 g6 6. g3 Bg7 7. Bg2 O-O 8. O-O a6 9. Re1 Nbd7 10. Nd5 e5 11. Nb3 Nxd5 12. Qxd5 Nb6 13. Qd3 Qc7 14. Nd2 Be6 15. b3 Nd7 16. Ba3 Nc5 17. Qe3 b5 18. Rec1 Qb6 19. c4 b4 20. Bb2 a5 21. a3 h5 22. Rd1 Kh7 23. Kh1 Rab8 24. axb4 axb4 25. Rab1 Bh6 26. f4 f6 27. Nf3 Ra8 28. Ne1 Ra6 29. h3 f5 30. exf5 Rxf5 31. Nf3 Rf8 32. Ng5+ Bxg5 33. fxg5 Bf5 34. Ra1 Rxa1 35. Rxa1 Bc2 36. g4 hxg4 37. hxg4 Kg7 38. Bxe5+ dxe5 39. Qxe5+ Kg8 40. Bd5+ Kh7 41. Qh2+ Kg7 42. Qe5+ Kh7 43. Qh2+ 1-0

[Event "GER-ch 65th"]
[Site "Bad Wildbad"]
[Date "1993.??.??"]
[Round "5"]
[White "Schwarz, Michael"]
[Black "Hedke, Fred"]
[Result "0-1"]
[WhiteElo "2405"]
[BlackElo "2345"]
[EventDate "1993.11.??"]
[PlyCount "80"]

1. c4 e6 2. g3 d5 3. Bg2 Nf6 4. d4 Be7 5. Nf3 O-O 6. Nbd2 b6 7. O-O Bb7 8. b3 Nbd7 9. Bb2 Ne4 10. Rc1 Ndf6 11. Nxe4 Nxe4 12. Ne5 Bd6 13. Qc2 Qg5 14. e3 Rac8 15. Rfd1 Rfe8 16. Qd3 f6 17. f4 Qh5 18. Nf3 dxc4 19. bxc4 Nxg3 20. hxg3 Bxf3 21. Rd2 Rcd8 22. Kf2 Bxg2 23. Kxg2 c5 24. Rh1 Qf5 25. Qxf5 exf5 26. Kf3 Rc8 27. d5 Rc7 28. Rh5 g6 29. Rh1 Rf7 30. Rc2 h5 31. a4 Kg7 32. Ra1 Rfe7 33. Rc3 Bc7 34. Rb3 Re4 35. Rc1 Kf7 36. Rc2 g5 37. Rd3 Bd6 38. Rh2 Kg6 39. Rc3 h4 40. gxh4 Rxe3+ 0-1

[Event "GER-ch 65th"]
[Site "Bad Wildbad"]
[Date "1993.??.??"]
[Round "5"]
[White "Siepelt, Heiner"]
[Black "Raupp, Thomas"]
[Result "1/2-1/2"]
[WhiteElo "2320"]
[BlackElo "2360"]
[EventDate "1993.11.??"]
[PlyCount "86"]

1. Nf3 c5 2. e4 e6 3. d3 d5 4. Nbd2 Nc6 5. g3 Bd6 6. Bg2 Nge7 7. O-O O-O 8. Re1 Bc7 9. c3 a5 10. a4 b6 11. exd5 exd5 12. d4 cxd4 13. Nxd4 Nxd4 14. cxd4 Nc6 15. Nf1 Bf5 16. Ne3 Be4 17. b3 Re8 18. Ba3 Bd6 19. Bxd6 Qxd6 20. Nc4 dxc4 21. Rxe4 Rxe4 22. Bxe4 Rc8 23. bxc4 Nxd4 24. Qd3 g6 25. Bd5 Ne6 26. Qf3 Rc7 27. Qf6 Rd7 28. Re1 Re7 29. h4 h5 30. Re5 Re8 31. g4 Qe7 32. Qf3 hxg4 33. Qxg4 Qf6 34. Re3 Ng7 35. Qg3 Rxe3 36. Qxe3 Nf5 37. Qf3 Kg7 38. Qd1 Nxh4 39. Qb1 Qg5+ 40. Kf1 Nf5 41. Qxb6 Qc1+ 42. Kg2 Qg5+ 43. Kf1 Qc1+ 1/2-1/2

[Event "GER-ch 65th"]
[Site "Bad Wildbad"]
[Date "1993.??.??"]
[Round "5"]
[White "Stolz, Mike"]
[Black "Braeuning, Rudolf Wilhelm"]
[Result "0-1"]
[WhiteElo "2280"]
[BlackElo "2305"]
[EventDate "1993.11.??"]
[PlyCount "98"]

1. e4 e5 2. Nf3 Nc6 3. Bb5 f5 4. d3 fxe4 5. dxe4 Nf6 6. Qd3 Bc5 7. O-O d6 8. Nc3 O-O 9. Bg5 Kh8 10. Nd5 Ne7 11. Nxe7 Qxe7 12. Ne1 Qf7 13. Bxf6 gxf6 14. Qe2 f5 15. Bd3 Bd7 16. Kh1 fxe4 17. Bxe4 d5 18. Bf3 e4 19. Bh5 Qxf2 20. Rxf2 Rxf2 21. Nd3 Rxe2 22. Nxc5 Bb5 23. Bxe2 Bxe2 24. Re1 Bh5 25. h3 b6 26. Ne6 Bf7 27. Nf4 Re8 28. c3 Kg7 29. Kg1 Kf6 30. Kf2 Ke5 31. Ke3 c5 32. Rd1 Rd8 33. Ne2 Bh5 34. g4 Bf7 35. Rf1 Be6 36. Re1 Rf8 37. Ng1 Rf7 38. a3 Rf6 39. b4 Rf7 40. a4 Rc7 41. Ne2 Rf7 42. Ng1 h6 43. a5 Rf8 44. axb6 axb6 45. bxc5 bxc5 46. Ra1 d4+ 47. cxd4+ cxd4+ 48. Kd2 Rf2+ 49. Ke1 e3 0-1

[Event "GER-ch 65th"]
[Site "Bad Wildbad"]
[Date "1993.??.??"]
[Round "5"]
[White "Voekler, Bernd"]
[Black "Kindl, Peter"]
[Result "1-0"]
[WhiteElo "2335"]
[BlackElo "2335"]
[EventDate "1993.11.??"]
[PlyCount "69"]

1. e4 Nf6 2. e5 Nd5 3. d4 d6 4. c4 Nb6 5. exd6 exd6 6. Nf3 Be7 7. Be2 O-O 8. O-O Bg4 9. Nc3 Nc6 10. b3 Bf6 11. Be3 d5 12. c5 Nc8 13. h3 Be6 14. Rc1 N8e7 15. g4 h6 16. Qd2 g5 17. Kh2 Ng6 18. Bd3 Bg7 19. Rg1 Qf6 20. Rg3 Nh4 21. Be2 Nxf3+ 22. Rxf3 Qd8 23. Rg1 Qd7 24. h4 f6 25. Rh3 Rae8 26. f4 f5 27. hxg5 hxg5 28. gxf5 Bxf5 29. Rhg3 Rxe3 30. Qxe3 Bxd4 31. Rxg5+ Kf7 32. Bh5+ Kf6 33. Rg6+ Bxg6 34. Rxg6+ Kf7 35. Rxc6+ 1-0

[Event "GER-ch 65th"]
[Site "Bad Wildbad"]
[Date "1993.??.??"]
[Round "6"]
[White "Braeuning, Rudolf Wilhelm"]
[Black "Haag, Martin"]
[Result "1/2-1/2"]
[WhiteElo "2305"]
[BlackElo "2290"]
[EventDate "1993.11.??"]
[PlyCount "27"]

1. e4 c5 2. c3 Nf6 3. e5 Nd5 4. d4 cxd4 5. Nf3 e6 6. cxd4 b6 7. Nc3 Nxc3 8. bxc3 Qc7 9. Bd2 Bb7 10. Bd3 d6 11. O-O Nd7 12. Re1 dxe5 13. Ng5 g6 14. Qg4 1/2-1/2

[Event "GER-ch 65th"]
[Site "Bad Wildbad"]
[Date "1993.??.??"]
[Round "6"]
[White "Espig, Lutz"]
[Black "Michaelsen, Nils"]
[Result "1/2-1/2"]
[WhiteElo "2455"]
[BlackElo "2435"]
[EventDate "1993.11.??"]
[PlyCount "48"]

1. Nf3 Nf6 2. c4 c5 3. Nc3 e6 4. g3 b6 5. Bg2 Bb7 6. O-O a6 7. d4 cxd4 8. Qxd4 d6 9. Rd1 Be7 10. b3 Nbd7 11. e4 Qc8 12. Bb2 O-O 13. Nd2 Qc7 14. Nf1 Rac8 15. Ne3 Qb8 16. Qd2 Rfe8 17. f3 Bf8 18. Re1 Bc6 19. Rad1 h6 20. Re2 Ba8 21. a3 Red8 22. Qe1 Re8 23. Qd2 Red8 24. Qe1 Re8 1/2-1/2

[Event "GER-ch 65th"]
[Site "Bad Wildbad"]
[Date "1993.??.??"]
[Round "6"]
[White "Gutman, Lev"]
[Black "Voekler, Bernd"]
[Result "0-1"]
[WhiteElo "2450"]
[BlackElo "2335"]
[EventDate "1993.11.??"]
[PlyCount "114"]

1. Nf3 g6 2. g3 Bg7 3. d4 d5 4. c4 c6 5. Qa4 Nd7 6. cxd5 Nb6 7. Qb3 Qxd5 8. Nc3 Qxb3 9. axb3 Bg4 10. Ne5 Be6 11. Ra3 Nf6 12. Nd3 Nfd7 13. e3 f5 14. Bg2 O-O 15. Bd2 Rfd8 16. f4 a6 17. Na4 Nxa4 18. bxa4 Bc4 19. Nf2 Rac8 20. Rc3 Bd5 21. Bxd5+ cxd5 22. Ke2 Rxc3 23. bxc3 Rc8 24. Rb1 b6 25. Nd3 e6 26. Rb3 Bf6 27. Nb2 Bd8 28. Kd3 Nf6 29. c4 Ne4 30. Be1 Kg7 31. Ra3 h6 32. Ra1 Nd6 33. cxd5 exd5 34. h3 h5 35. Nd1 Kf7 36. Nc3 Ke6 37. Na2 Nc4 38. Rb1 a5 39. Nc3 Nd6 40. Ne2 Rc4 41. Ra1 Ne4 42. Ng1 Kd6 43. Nf3 Bf6 44. Nh2 Kd7 45. g4 Nc5+ 46. Ke2 Rxa4 47. Rb1 Ra2+ 48. Kf1 Nd3 49. gxf5 Rxh2 50. Rxb6 Nxe1 51. Rxf6 Nc2 52. fxg6 Nxe3+ 53. Kg1 Rg2+ 54. Kh1 Rg3 55. Kh2 Nf1+ 56. Kh1 Nd2 57. Kh2 h4 0-1

[Event "GER-ch 65th"]
[Site "Bad Wildbad"]
[Date "1993.??.??"]
[Round "6"]
[White "Knuth, Hannes"]
[Black "Paehtz, Thomas Sr"]
[Result "0-1"]
[WhiteElo "2360"]
[BlackElo "2470"]
[EventDate "1993.11.??"]
[PlyCount "64"]

1. d4 Nf6 2. c4 c5 3. d5 b5 4. cxb5 a6 5. f3 e6 6. Nc3 exd5 7. Nxd5 Bb7 8. Bg5 Bxd5 9. Bxf6 Qxf6 10. Qxd5 Qxb2 11. Qxa8 Qxa1+ 12. Kf2 Bd6 13. bxa6 O-O 14. Qd5 Be5 15. e3 Qb2+ 16. Be2 Nxa6 17. Qb3 Rb8 18. Qxb2 Rxb2 19. f4 Bf6 20. Nf3 c4 21. Rc1 d5 22. Ke1 Nb4 23. a3 Na2 24. Rd1 c3 25. Bd3 g6 26. g4 c2 27. Bxc2 Rxc2 28. Rxd5 Nc3 29. Rc5 Re2+ 30. Kf1 Rxe3 31. Rc8+ Kg7 32. Kf2 Nd1+ 0-1

[Event "GER-ch 65th"]
[Site "Bad Wildbad"]
[Date "1993.??.??"]
[Round "6"]
[White "Kostadinov, Atanas"]
[Black "Riegler, Dieter"]
[Result "1-0"]
[WhiteElo "2245"]
[BlackElo "2240"]
[EventDate "1993.11.??"]
[PlyCount "149"]

1. g3 g6 2. Bg2 Bg7 3. d3 d6 4. c4 e5 5. Nc3 f5 6. Rb1 a5 7. a3 Nc6 8. Nf3 Nf6 9. b4 axb4 10. axb4 O-O 11. O-O h6 12. b5 Ne7 13. Bb2 Be6 14. Ra1 Qd7 15. Qc2 c6 16. c5 cxb5 17. cxd6 Nc6 18. Nxb5 Nd5 19. Nc7 Nxc7 20. dxc7 Qxc7 21. Nd2 Kh7 22. h4 Rfc8 23. Rfc1 Rxa1 24. Bxa1 Qf7 25. Qb1 Nd4 26. Rxc8 Bxc8 27. Bxd4 exd4 28. Nc4 Qe7 29. Bf3 h5 30. Qb6 Bf8 31. Qxd4 b5 32. Nb6 Be6 33. Nd5 Bxd5 34. Qxd5 b4 35. e3 Qc5 36. Qxc5 Bxc5 37. Bd5 Kh6 38. Kg2 g5 39. hxg5+ Kxg5 40. Kf3 Bd6 41. Kg2 Be7 42. Bb3 h4 43. f4+ Kg6 44. e4 hxg3 45. Kxg3 Bc5 46. Ba4 Bd4 47. Bc2 Kf6 48. Kh4 Bf2+ 49. Kh5 Bd4 50. Ba4 Bc3 51. Bb3 Bd4 52. Bd5 Bc3 53. Bc4 Bd4 54. Ba2 Bc3 55. Kh4 Be1+ 56. Kh3 Bc3 57. Kg3 Bd4 58. Kg2 Bc3 59. Kf3 Bd4 60. Bb3 Kg6 61. Be6 fxe4+ 62. dxe4 Kf6 63. Bb3 Bb2 64. Bc2 Ke6 65. Ke2 Bc1 66. Bb3+ Kf6 67. e5+ Kf5 68. Bc2+ Ke6 69. Kf3 Ke7 70. Bb3 Bd2 71. Ke4 Bc1 72. f5 Bg5 73. Bc4 Kf8 74. f6 Bh4 75. Kf5 1-0

[Event "GER-ch 65th"]
[Site "Bad Wildbad"]
[Date "1993.??.??"]
[Round "6"]
[White "Maiwald, Jens Uwe"]
[Black "Luther, Thomas"]
[Result "1/2-1/2"]
[WhiteElo "2430"]
[BlackElo "2480"]
[EventDate "1993.11.??"]
[PlyCount "35"]

1. d4 e6 2. Nf3 Nf6 3. g3 d5 4. Bg2 c5 5. O-O cxd4 6. Nxd4 Be7 7. c4 O-O 8. cxd5 Nxd5 9. e4 Nb4 10. Nc3 N8c6 11. Nxc6 Nxc6 12. Be3 Qa5 13. Qb3 b6 14. e5 Bb7 15. Nb5 Rab8 16. Nd6 Bxd6 17. exd6 Qh5 18. Qd1 1/2-1/2

[Event "GER-ch 65th"]
[Site "Bad Wildbad"]
[Date "1993.??.??"]
[Round "6"]
[White "Movsziszian, Karen"]
[Black "Siepelt, Heiner"]
[Result "1/2-1/2"]
[WhiteElo "2480"]
[BlackElo "2320"]
[EventDate "1993.11.??"]
[PlyCount "120"]

1. Nf3 g6 2. e4 Bg7 3. d4 d6 4. Bd3 Nf6 5. O-O O-O 6. h3 c6 7. Be3 Nbd7 8. Nbd2 Qc7 9. c3 b6 10. a4 a6 11. Re1 e5 12. dxe5 dxe5 13. b4 c5 14. Nc4 Bb7 15. Bg5 b5 16. Na5 c4 17. Bc2 h6 18. Bh4 Bc8 19. Bg3 Re8 20. Bh2 Rb8 21. Qd2 Nh5 22. Rad1 Rb6 23. Nd4 Nf8 24. Ne2 Ne6 25. Qe3 Nhf4 26. Kh1 Rd8 27. f3 Rbd6 28. Rxd6 Qxd6 29. Rd1 Qc7 30. g3 Rxd1+ 31. Bxd1 Qd7 32. Bc2 Nxe2 33. Qxe2 Nd4 34. cxd4 exd4 35. Nxc4 bxc4 36. Qxc4 Qxh3 37. Bd3 Be5 38. Bf1 Qd7 39. f4 Bb8 40. Bg1 Ba7 41. Qd5 Qe7 42. Bxd4 Bb7 43. Qe5 Bxe4+ 44. Kh2 Qxe5 45. Bxe5 Bb7 46. a5 Kf8 47. b5 axb5 48. Bd6+ Ke8 49. Bxb5+ Kd8 50. Bc4 f6 51. Bf8 h5 52. Bd3 g5 53. fxg5 fxg5 54. Bh6 g4 55. Bg6 Bf3 56. Bxh5 Kc7 57. Bg6 Bf2 58. Bd3 Kb7 59. Bg5 Ka7 60. Bd8 Be3 1/2-1/2

[Event "GER-ch 65th"]
[Site "Bad Wildbad"]
[Date "1993.??.??"]
[Round "6"]
[White "Muse, Mladen"]
[Black "Guenthner, Oliver"]
[Result "0-1"]
[WhiteElo "2485"]
[BlackElo "2260"]
[EventDate "1993.11.??"]
[PlyCount "108"]

1. d4 Nf6 2. Nf3 g6 3. c4 d5 4. cxd5 Nxd5 5. e4 Nf6 6. Nc3 Bg7 7. h3 c6 8. Be3 O-O 9. Be2 h6 10. Qd2 Kh7 11. g4 b5 12. a3 Nfd7 13. h4 Nb6 14. h5 g5 15. e5 f6 16. Ne4 Kh8 17. Nfxg5 fxg5 18. Bxg5 Qd5 19. f3 hxg5 20. Qxg5 Qxd4 21. h6 Bxe5 22. Rd1 Qxe4 23. Rd8 Rxd8 24. fxe4 N8d7 25. O-O Bb7 26. Rf7 Rf8 27. Rxe7 Bd4+ 28. Kh1 Rae8 29. Rxe8 Rxe8 30. Qg6 Rg8 31. Qe6 c5 32. Kh2 Be5+ 33. Kh3 a6 34. Bf3 Rf8 35. Bg2 Bf6 36. e5 Bxg2+ 37. Kxg2 Bxe5 38. g5 Kh7 39. Kh3 Rf4 40. b3 c4 41. a4 a5 42. b4 c3 43. bxa5 c2 44. Qc6 Rc4 45. Qe6 Rf4 46. Qc6 Nc4 47. Qxd7+ Kg6 48. Qc6+ Kh5 49. h7 Rh4+ 50. Kg2 c1=Q 51. Qe8+ Kg4 52. Qe6+ Kf4 53. Qf7+ Ke4 54. Qf3+ Kd4 0-1

[Event "GER-ch 65th"]
[Site "Bad Wildbad"]
[Date "1993.??.??"]
[Round "6"]
[White "Raupp, Thomas"]
[Black "Moehring, Guenther"]
[Result "1/2-1/2"]
[WhiteElo "2360"]
[BlackElo "2345"]
[EventDate "1993.11.??"]
[PlyCount "105"]

1. d4 Nf6 2. c4 g6 3. Nc3 Bg7 4. e4 O-O 5. Nf3 d6 6. h3 e5 7. d5 Nbd7 8. Bg5 h6 9. Be3 Nc5 10. Nd2 a5 11. g4 Bd7 12. Be2 Nh7 13. Nb3 Nxb3 14. axb3 f5 15. gxf5 gxf5 16. exf5 Bxf5 17. Qd2 Qh4 18. Rg1 Kh8 19. O-O-O Nf6 20. Bd3 e4 21. Bc2 Nd7 22. Nb5 Ne5 23. Rxg7 Kxg7 24. Nxc7 Rac8 25. Ne6+ Kh7 26. Nxf8+ Rxf8 27. Qxa5 Qf6 28. Bd4 Qe7 29. Qc3 Nf3 30. Be3 b5 31. c5 Qa7 32. c6 Qa1+ 33. Bb1 Nd4 34. Kd2 Nf3+ 35. Ke2 b4 36. Qxb4 Qxb2+ 37. Bd2 Qe5 38. Bc3 Qe8 39. Qxd6 Bxh3 40. Qc7+ Rf7 41. Qg3 Bf5 42. Rh1 Bg6 43. Qh3 h5 44. Qe6 Qxe6 45. dxe6 Rc7 46. Ke3 Ng5 47. Bf6 Nxe6 48. Rc1 Rf7 49. Be5 Nc7 50. Bxc7 Rxc7 51. Bxe4 h4 52. Bxg6+ Kxg6 53. b4 1/2-1/2

[Event "GER-ch 65th"]
[Site "Bad Wildbad"]
[Date "1993.??.??"]
[Round "6"]
[White "Rausch, Stephan"]
[Black "Stolz, Mike"]
[Result "1-0"]
[WhiteElo "2315"]
[BlackElo "2280"]
[EventDate "1993.11.??"]
[PlyCount "115"]

1. d4 Nf6 2. Nf3 g6 3. Bg5 Bg7 4. Nbd2 O-O 5. c3 d6 6. e4 Nbd7 7. Be2 b6 8. O-O Bb7 9. Qc2 h6 10. Bh4 e5 11. dxe5 dxe5 12. Rfe1 Qe8 13. b4 Nh5 14. a4 Nf4 15. Bf1 a5 16. Nb3 g5 17. Bg3 Qe7 18. b5 Rfd8 19. Nfd2 Nf6 20. Nc4 h5 21. f3 Bc8 22. Ne3 Be6 23. c4 Ne8 24. Nd5 Qf8 25. Ne3 Bf6 26. Bf2 Rd7 27. g3 Ng6 28. Rac1 Be7 29. Nd5 Bxd5 30. cxd5 Bb4 31. Red1 Rd6 32. Nd2 Rf6 33. Be2 Rd8 34. Nc4 Nd6 35. Be3 Nxc4 36. Qxc4 Nf4 37. gxf4 exf4 38. Bd4 Rg6 39. Kf2 g4 40. Rg1 Qe7 41. Rg2 g3+ 42. Kg1 gxh2+ 43. Kh1 Rxg2 44. Kxg2 Bd2 45. Bf2 Bxc1 46. Qxc1 Qe5 47. Kxh2 Kh7 48. Bf1 Rg8 49. Bh3 f6 50. Qd2 Qd6 51. Qc3 Qe5 52. Bf5+ Kg7 53. Bd4 Qe7 54. Be6 Ra8 55. Qb2 Rf8 56. Bf5 Kh6 57. Qc1 Rg8 58. Qxf4+ 1-0

[Event "GER-ch 65th"]
[Site "Bad Wildbad"]
[Date "1993.??.??"]
[Round "6"]
[White "Renner, Christoph"]
[Black "Hickl, Joerg"]
[Result "1/2-1/2"]
[WhiteElo "2385"]
[BlackElo "2570"]
[EventDate "1993.11.??"]
[PlyCount "84"]

1. e4 g6 2. d4 d6 3. Nc3 c6 4. f4 d5 5. e5 h5 6. Be3 Nh6 7. h3 Nf5 8. Bf2 h4 9. Nf3 b6 10. Bd3 e6 11. Ne2 Ba6 12. O-O Be7 13. Rc1 Bxd3 14. Qxd3 O-O 15. c4 a5 16. a3 Na6 17. cxd5 Qxd5 18. Nc3 Qd7 19. Rfd1 Nc7 20. Ne4 Nd5 21. Qd2 Kg7 22. Rc2 Rac8 23. Rdc1 Rfd8 24. Nc3 Rc7 25. Nxd5 Qxd5 26. Rc4 Rdc8 27. Kh1 b5 28. R4c2 b4 29. axb4 axb4 30. Qe1 Rh8 31. Rc4 Qb5 32. b3 Qd5 33. Kh2 Ra7 34. Rxc6 Ra3 35. Rc7 Rxb3 36. Rxe7 Nxe7 37. Bxh4 Ng8 38. Rc8 Rh5 39. Rd8 Qa5 40. d5 Rxf3 41. gxf3 g5 42. Bxg5 Rxg5 1/2-1/2

[Event "GER-ch 65th"]
[Site "Bad Wildbad"]
[Date "1993.??.??"]
[Round "6"]
[White "Schmidt Schaeffer, Sebastian"]
[Black "Nagendra, Rentala"]
[Result "0-1"]
[WhiteElo "2275"]
[BlackElo "2315"]
[EventDate "1993.11.??"]
[PlyCount "63"]

1. e4 c5 2. Nf3 d6 3. d4 cxd4 4. Nxd4 Nf6 5. Nc3 a6 6. g3 b5 7. Bg2 Bb7 8. O-O e6 9. Re1 Qc7 10. a4 bxa4 11. Nd5 exd5 12. exd5+ Kd8 13. Bg5 Nbd7 14. Qe2 Qc5 15. Rxa4 Bxd5 16. Be3 Bxg2 17. Ne6+ fxe6 18. Bxc5 Nxc5 19. Rd4 Bb7 20. b4 Nce4 21. Qe3 Ng4 22. Qb3 Ngxf2 23. Qxe6 Be7 24. c4 Rf8 25. Rdxe4 Nxe4 26. c5 Rf6 27. Qg8+ Kd7 28. Qxg7 dxc5 29. bxc5 Raf8 30. Rb1 Bc6 31. h4 R8f7 32. Qg4+ 0-1

[Event "GER-ch 65th"]
[Site "Bad Wildbad"]
[Date "1993.??.??"]
[Round "6"]
[White "Schwarz, Michael"]
[Black "Menacher, Manfred"]
[Result "0-1"]
[WhiteElo "2405"]
[BlackElo "2280"]
[EventDate "1993.11.??"]
[PlyCount "89"]

1. g3 Nf6 2. Bg2 e6 3. c4 c5 4. Nf3 Nc6 5. O-O Be7 6. Nc3 a6 7. d4 cxd4 8. Nxd4 Qc7 9. b3 O-O 10. Bb2 d6 11. Rc1 Nxd4 12. Qxd4 Bd7 13. Rfd1 Rfd8 14. a4 Rac8 15. Qa7 Rb8 16. Ne4 Ne8 17. Qe3 b6 18. h4 Bc6 19. Bh3 h6 20. Nc3 Ba8 21. Kh2 Qc5 22. Rd3 Nf6 23. Rcd1 d5 24. cxd5 Qxe3 25. Rxe3 Nxd5 26. Rxe6 Bf6 27. Nxd5 Rxd5 28. Rxd5 Bxd5 29. Rd6 Bxb3 30. Bxf6 gxf6 31. Rxf6 Bxa4 32. Rxh6 Bb3 33. Bd7 a5 34. Rc6 a4 35. Rc3 b5 36. e4 b4 37. Rc1 Rd8 38. Bc6 Rd1 39. Bxa4 Bxa4 40. Rc4 Rb1 41. Kg2 Bd7 42. f4 b3 43. f5 b2 44. Rb4 Bc6 45. Kf3 0-1

[Event "GER-ch 65th"]
[Site "Bad Wildbad"]
[Date "1993.??.??"]
[Round "6"]
[White "Seils, Joerg"]
[Black "Vatter, Hans Joachim"]
[Result "1-0"]
[WhiteElo "2355"]
[BlackElo "2320"]
[EventDate "1993.11.??"]
[PlyCount "91"]

1. e4 c5 2. Nf3 e6 3. Nc3 a6 4. g3 Nc6 5. Bg2 d6 6. O-O Nf6 7. d3 Be7 8. h3 Rb8 9. g4 b5 10. Ne2 h5 11. g5 Nh7 12. h4 Nf8 13. d4 e5 14. dxc5 dxc5 15. Ng3 g6 16. c3 Ne6 17. Qc2 O-O 18. Rd1 Qc7 19. Nf1 Bd6 20. Ne3 Ne7 21. Nh2 c4 22. Nhf1 Nf4 23. Ng3 Bc5 24. Nd5 Nexd5 25. exd5 Nh3+ 26. Bxh3 Bxh3 27. Ne4 Bf5 28. Qe2 Bxe4 29. Qxe4 Qd6 30. Be3 f5 31. Bxc5 Qxc5 32. Qxe5 Rbe8 33. Qd4 Qxd4 34. Rxd4 Re2 35. b3 Rc8 36. d6 Kf7 37. d7 Rd8 38. bxc4 bxc4 39. Rad1 Rxa2 40. Rxc4 a5 41. Rc7 a4 42. c4 a3 43. c5 Rb2 44. Rc8 a2 45. Rxd8 Rb1 46. Rf8+ 1-0

[Event "GER-ch 65th"]
[Site "Bad Wildbad"]
[Date "1993.??.??"]
[Round "6"]
[White "Sieglen, Joachim"]
[Black "Niermann, Michael"]
[Result "1/2-1/2"]
[WhiteElo "2415"]
[BlackElo "2215"]
[EventDate "1993.11.??"]
[PlyCount "107"]

1. d4 Nf6 2. c4 g6 3. Nc3 Bg7 4. e4 d6 5. Be2 O-O 6. Nf3 c5 7. O-O Nc6 8. d5 Na5 9. Bg5 h6 10. Bd2 Bg4 11. b3 e6 12. h3 Bxf3 13. Bxf3 a6 14. dxe6 fxe6 15. e5 dxe5 16. Ne4 Nxe4 17. Bxe4 Nc6 18. Be3 Qe7 19. Qg4 Nd4 20. Qxg6 Rf6 21. Qg4 Kh8 22. Bxd4 exd4 23. Rae1 Qf7 24. Bd3 Rg8 25. Re4 Bf8 26. Qe2 Bd6 27. Rg4 Rf8 28. Rh4 Bb8 29. Qh5 Qc7 30. g3 Qe7 31. Re1 b6 32. Ree4 Qf7 33. Qxf7 R8xf7 34. Re2 Kg7 35. Rg4+ Kf8 36. Rge4 Ke7 37. Kg2 Rg7 38. Rg4 Rgf7 39. Rge4 Rg7 40. Rd2 Rgf7 41. Rg4 Kf8 42. h4 Bc7 43. h5 Ke7 44. Rg6 Bd6 45. Re2 Kd7 46. Rxf6 Rxf6 47. Re4 Ke7 48. Rg4 Rf8 49. Be4 Rf7 50. Bg6 Rf8 51. Bh7 Be5 52. Re4 Bc7 53. Re1 Rd8 54. Bd3 1/2-1/2

[Event "GER-ch 65th"]
[Site "Bad Wildbad"]
[Date "1993.??.??"]
[Round "6"]
[White "Uhlmann, Wolfgang"]
[Black "Kindl, Peter"]
[Result "1-0"]
[WhiteElo "2510"]
[BlackElo "2335"]
[EventDate "1993.11.??"]
[PlyCount "77"]

1. c4 Nf6 2. Nc3 d5 3. cxd5 Nxd5 4. Nf3 g6 5. Qa4+ Nc6 6. Ne5 Ndb4 7. g3 Bg7 8. Nxc6 Nxc6 9. Bg2 Bd7 10. O-O O-O 11. d3 Nd4 12. Qd1 Bc6 13. Bxc6 Nxc6 14. Qb3 b6 15. Be3 Nd4 16. Bxd4 Bxd4 17. Rfd1 c5 18. a4 Qd7 19. a5 Rab8 20. e3 Bg7 21. axb6 axb6 22. Ra6 b5 23. Qc2 Bxc3 24. Qxc3 c4 25. d4 Qb7 26. Rda1 Ra8 27. Qa5 Rxa6 28. Qxa6 Qd5 29. Ra5 Rb8 30. Qa7 Qd6 31. Ra6 Qd8 32. Qc5 Qd7 33. Kg2 Qb7+ 34. Rc6 e6 35. e4 Qa8 36. d5 exd5 37. exd5 Qa1 38. d6 Qxb2 39. d7 1-0

[Event "GER-ch 65th"]
[Site "Bad Wildbad"]
[Date "1993.??.??"]
[Round "6"]
[White "Zeller, Frank"]
[Black "Berndt, Klaus"]
[Result "1-0"]
[WhiteElo "2290"]
[BlackElo "2285"]
[EventDate "1993.11.??"]
[PlyCount "55"]

1. e4 e6 2. d4 d5 3. e5 c5 4. c3 Nc6 5. Nf3 Qb6 6. a3 c4 7. Nbd2 f6 8. b4 cxb3 9. Nxb3 fxe5 10. dxe5 Nh6 11. Bd3 Ng4 12. Nbd4 Ngxe5 13. Nxe5 Nxe5 14. Qh5+ Nf7 15. Bb5+ Ke7 16. O-O e5 17. Re1 Qf6 18. Qd1 a6 19. Bf1 Kd6 20. Nc2 Be6 21. Rb1 Kc7 22. Ne3 Bc5 23. Re2 Rhd8 24. Reb2 b6 25. Qa4 Nd6 26. c4 Ne4 27. cxd5 Nc3 28. Qc6+ 1-0

[Event "GER-ch 65th"]
[Site "Bad Wildbad"]
[Date "1993.??.??"]
[Round "6"]
[White "Zude, Arno"]
[Black "Bezold, Michael"]
[Result "0-1"]
[WhiteElo "2440"]
[BlackElo "2490"]
[EventDate "1993.11.??"]
[PlyCount "48"]

1. e4 c5 2. Nf3 e6 3. d4 cxd4 4. Nxd4 a6 5. Bd3 Bc5 6. Nb3 Ba7 7. Qe2 Nc6 8. Be3 Nf6 9. Bxa7 Rxa7 10. Nc3 d6 11. O-O-O b5 12. f4 b4 13. Na4 e5 14. fxe5 Nxe5 15. Qf2 Qc7 16. Rhe1 O-O 17. Nb6 Be6 18. Nd5 Bxd5 19. exd5 a5 20. Qd4 a4 21. Nd2 Ra5 22. Be4 Rc8 23. Bf5 Rxd5 24. Qxb4 g6 0-1

[Event "GER-ch 65th"]
[Site "Bad Wildbad"]
[Date "1993.??.??"]
[Round "7"]
[White "Bastian, Herbert"]
[Black "Espig, Lutz"]
[Result "0-1"]
[WhiteElo "2300"]
[BlackElo "2455"]
[EventDate "1993.11.??"]
[PlyCount "70"]

1. e4 c5 2. Nc3 e6 3. g3 Nc6 4. Bg2 g6 5. d3 Bg7 6. Be3 d6 7. Qd2 Rb8 8. Nge2 Nd4 9. Bxd4 cxd4 10. Nb5 Qb6 11. a4 Bd7 12. Na3 Ne7 13. Nc4 Qc5 14. O-O O-O 15. b4 Qc7 16. b5 d5 17. exd5 Nxd5 18. Rfb1 Qc5 19. Na5 Rfc8 20. Ra2 b6 21. Nc4 e5 22. Raa1 Be6 23. a5 Bd7 24. axb6 axb6 25. Ra7 Be8 26. f4 exf4 27. Bxd5 Qxd5 28. Nxf4 Qd8 29. Qb4 Rc5 30. Qa4 Bh6 31. Ng2 Rf5 32. Nh4 Rh5 33. Nf3 Rd5 34. Rf1 Rf5 35. Ncd2 Be3+ 0-1

[Event "GER-ch 65th"]
[Site "Bad Wildbad"]
[Date "1993.??.??"]
[Round "7"]
[White "Berndt, Klaus"]
[Black "Kostadinov, Atanas"]
[Result "1-0"]
[WhiteElo "2285"]
[BlackElo "2245"]
[EventDate "1993.11.??"]
[PlyCount "80"]

1. d4 g6 2. c4 Bg7 3. Nf3 d6 4. Nc3 Nd7 5. Qc2 e5 6. Bg5 Ne7 7. dxe5 dxe5 8. O-O-O O-O 9. e4 c6 10. h4 h6 11. Be3 Qa5 12. Qd2 Nf6 13. Bxh6 Bxh6 14. Qxh6 Ng4 15. Qd2 Qc5 16. Re1 Be6 17. Ng5 Rad8 18. Nxe6 fxe6 19. Qg5 Qxf2 20. Be2 Qe3+ 21. Qxe3 Nxe3 22. g4 c5 23. g5 Nc6 24. Rh2 a6 25. Nd1 Nxd1 26. Rxd1 Nd4 27. Bg4 Rf4 28. Rg2 Rdf8 29. h5 Rf2 30. Rxf2 Rxf2 31. hxg6 Rg2 32. Bh3 Rh2 33. Bf1 b5 34. cxb5 axb5 35. Kb1 Kg7 36. Rc1 c4 37. b3 cxb3 38. axb3 Kxg6 39. b4 Kxg5 40. Rc5 Rf2 1-0

[Event "GER-ch 65th"]
[Site "Bad Wildbad"]
[Date "1993.??.??"]
[Round "7"]
[White "Guenthner, Oliver"]
[Black "Gutman, Lev"]
[Result "1/2-1/2"]
[WhiteElo "2260"]
[BlackElo "2450"]
[EventDate "1993.11.??"]
[PlyCount "98"]

1. Nf3 Nf6 2. g3 g6 3. Bg2 Bg7 4. d3 d5 5. O-O O-O 6. Nbd2 c5 7. c3 Nc6 8. e4 h6 9. Re1 Be6 10. h3 dxe4 11. dxe4 Nd7 12. Nb3 Qb6 13. Be3 a5 14. Qc1 a4 15. Nbd2 Qa5 16. Nb1 Kh7 17. Nfd2 Nde5 18. Qc2 c4 19. Na3 b5 20. Bf1 Rfd8 21. f4 Nd3 22. Red1 f5 23. e5 Bd5 24. Bxd3 cxd3 25. Qxd3 b4 26. Nac4 Qa6 27. Qf1 a3 28. cxb4 axb2 29. Nxb2 Nxb4 30. Qxa6 Rxa6 31. Ndc4 e6 32. Bc5 Nxa2 33. Ne3 Rc8 34. Nxd5 Rxc5 35. Nf6+ Bxf6 36. exf6 Rc7 37. Nd3 Rf7 38. Rd2 Nb4 39. Rxa6 Nxa6 40. Ra2 Nb8 41. Ne5 Rxf6 42. Ra7+ Kg8 43. Ra8 Rf8 44. Nxg6 Rd8 45. Ne5 Nc6 46. Rxd8+ Nxd8 47. Kf2 Nb7 48. g4 Nd6 49. Kf3 fxg4+ 1/2-1/2

[Event "GER-ch 65th"]
[Site "Bad Wildbad"]
[Date "1993.??.??"]
[Round "7"]
[White "Haag, Martin"]
[Black "Sieglen, Joachim"]
[Result "1/2-1/2"]
[WhiteElo "2290"]
[BlackElo "2415"]
[EventDate "1993.11.??"]
[PlyCount "54"]

1. d4 Nf6 2. Nf3 g6 3. c4 Bg7 4. Nc3 d6 5. e4 O-O 6. Be2 e5 7. dxe5 dxe5 8. Qxd8 Rxd8 9. Bg5 Nbd7 10. O-O-O Rf8 11. Ne1 Nc5 12. f3 c6 13. Nc2 Ne6 14. Be3 Re8 15. Kb1 Bf8 16. Rd2 b6 17. b4 Bb7 18. Rhd1 Kg7 19. Bf2 c5 20. Nd5 cxb4 21. Ncxb4 Nxd5 22. Nxd5 Bc5 23. Bxc5 bxc5 24. Rb2 Bc6 25. Rd3 Reb8 26. Ne7 Rxb2+ 27. Kxb2 Rb8+ 1/2-1/2